| 000 | 00646nam a2200253Ia 4500 | ||
|---|---|---|---|
| 003 | OSt | ||
| 005 | 20221007081315.0 | ||
| 006 | a|||||r|||| 00| 0 | ||
| 007 | ta | ||
| 008 | 221006b |||||||| |||| 00| 0 eng d | ||
| 024 | _a32,393 | ||
| 037 | _cTextual | ||
| 040 |
_aFLL _cFLL _beng |
||
| 041 |
_2eng _aeng |
||
| 082 | _aZ3,5, Q5 | ||
| 100 | _aSmith | ||
| 245 | 0 | _aCriminal law(Rev. by David Ormerod) | |
| 250 | _a14th | ||
| 260 |
_aNew York _bOxford University Press USA _c2015 |
||
| 300 |
_alxxvi,1316p. _ccm. |
||
| 700 |
_a Hogan _9696885 |
||
| 942 |
_hZ3,5, Q5 _cTEXL _2CC |
||
| 999 |
_c1162692 _d1162692 |
||